[Event "Warsaw YMCA Autumn-C 145th"]
[Site "Warsaw"]
[Date "2014.11.26"]
[Round "11"]
[White "Sobotka, Jan"]
[Black "Wilczynski, Adam"]
[Result "1/2-1/2"]
[WhiteElo "1640"]
[BlackElo "1660"]
[PlyCount "138"]
[EventDate "2014.09.16"]
[EventType "tourn"]
[EventRounds "13"]
[EventCountry "POL"]
[SourceTitle "EXT 2019"]
[Source "ChessBase"]
[SourceDate "2018.10.10"]
[SourceVersion "1"]
[SourceVersionDate "2018.10.10"]
[SourceQuality "1"]

1. d4 Nf6 2. c4 e6 3. Nf3 b6 4. g3 Bb7 5. Bg2 Bb4+ 6. Bd2 Qe7 7. Nc3 Bxc3 8. Bxc3 Ne4 9. 0-0 Nxc3 10. bxc3 0-0 11. Re1 f5 12. e3 d6 13. Nd2 Bxg2 14. Kxg2 Nd7 15. a4 a5 16. Kg1 e5 17. Qe2 Rae8 18. Rad1 e4 19. f3 exf3 20. Qxf3 Kh8 21. Qf2 Qe6 22. Qf1 Nf6 23. Re2 Qd7 24. Ra1 Ng4 25. Qf3 Rf7 26. h3 Nf6 27. Kh2 Ne4 28. Ra3 Qe7 29. Nxe4 fxe4 30. Qh5 g6 31. Qh4 Qf8 32. Raa2 Rf1 33. g4 Qf3 34. Rg2 Qxe3 35. Raf2 Rxf2 36. Rxf2 g5 37. Qg3 Qxg3+ 38. Kxg3 Kg7 39. Kg2 Kg6 40. Kf1 h5 41. Ke2 hxg4 42. hxg4 Rh8 43. Ke3 Re8 44. Rf5 c6 45. Rf1 d5 46. cxd5 cxd5 47. Rb1 Re6 48. Rb5 Rf6 49. Rxd5 Rf3+ 50. Kxe4 Rf4+ 51. Ke5 Rxg4 52. Rd6+ Kh5 53. Rxb6 Rg3 54. c4 Ra3 55. c5 g4 56. c6 Rxa4 57. d5 g3 58. Rb8 Rc4 59. Ra8 Kh4 60. Kd6 Kh3 61. c7 g2 62. c8Q+ Rxc8 63. Rxc8 a4 64. Ke7 g1Q 65. Rh8+ Kg3 66. Rg8+ Kf2 67. Rxg1 Kxg1 68. d6 a3 69. d7 a2 1/2-1/2

[Event "Warsaw YMCA Autumn-C 145th"]
[Site "Warsaw"]
[Date "2014.11.12"]
[Round "9"]
[White "Szukalski, Antoni"]
[Black "Sobotka, Jan"]
[Result "1/2-1/2"]
[WhiteElo "1770"]
[BlackElo "1640"]
[PlyCount "59"]
[EventDate "2014.09.16"]
[EventType "tourn"]
[EventRounds "13"]
[EventCountry "POL"]
[SourceTitle "EXT 2019"]
[Source "ChessBase"]
[SourceDate "2018.10.10"]
[SourceVersion "1"]
[SourceVersionDate "2018.10.10"]
[SourceQuality "1"]

1. e4 c5 2. Nf3 d6 3. d4 cxd4 4. Nxd4 Nf6 5. Nc3 a6 6. Be2 b5 7. a3 Bb7 8. f3 e6 9. Be3 Be7 10. Qd2 Qc7 11. 0-0 0-0 12. Kh1 d5 13. exd5 Nxd5 14. Nxd5 Bxd5 15. Bd3 Nc6 16. Nxc6 Qxc6 17. Qf2 Rad8 18. Rad1 Rd7 19. Rd2 Bd6 20. Qh4 g6 21. Bh6 Re8 22. Qf6 Bf8 23. Bxf8 Rxf8 24. h4 Qc7 25. Rfd1 Qd8 26. Qf4 Qc7 27. Qf6 Qd8 28. Qf4 Qc7 29. Qf6 Qd8 30. Qf4 1/2-1/2

[Event "Warsaw YMCA Autumn-C 145th"]
[Site "Warsaw"]
[Date "2014.11.05"]
[Round "8"]
[White "Sobotka, Jan"]
[Black "Krzyzanowski, Antoni"]
[Result "1/2-1/2"]
[WhiteElo "1640"]
[BlackElo "1675"]
[PlyCount "116"]
[EventDate "2014.09.16"]
[EventType "tourn"]
[EventRounds "13"]
[EventCountry "POL"]
[SourceTitle "EXT 2019"]
[Source "ChessBase"]
[SourceDate "2018.10.10"]
[SourceVersion "1"]
[SourceVersionDate "2018.10.10"]
[SourceQuality "1"]

1. d4 Nf6 2. c4 e6 3. Nf3 c5 4. d5 b5 5. dxe6 fxe6 6. b3 Be7 7. Bb2 0-0 8. e3 Qb6 9. Qc2 d5 10. Be2 bxc4 11. bxc4 Nc6 12. Nbd2 d4 13. exd4 cxd4 14. Rb1 e5 15. Bc3 Qd8 16. Ba1 Nb4 17. Qb3 Bf5 18. Nxe5 Nc2+ 19. Kf1 Nxa1 20. Rxa1 Ne4 21. Nxe4 Bxe4 22. Bd3 Rb8 23. Qc2 Bxd3+ 24. Qxd3 Rb2 25. Nf3 Bf6 26. g3 Qa5 27. Kg2 Rd8 28. Rhc1 Rxa2 29. Rxa2 Qxa2 30. c5 Qd5 31. c6 Rc8 32. c7 Qd7 33. Qc4+ Kh8 34. Ne1 a5 35. Nd3 a4 36. Nb4 a3 37. Nd5 d3 38. Nb6 Qxc7 39. Qxc7 Rxc7 40. Rxc7 h6 41. Nc4 a2 42. Ra7 a1Q 43. Rxa1 Bxa1 44. Kf3 Bd4 45. Ke4 Bxf2 46. Kxd3 g5 47. Ke4 Kg7 48. Kf5 Be1 49. Nd6 Bc3 50. g4 Ba1 51. h3 Bb2 52. Ne4 Ba1 53. Nxg5 hxg5 54. Kxg5 Bf6+ 55. Kh5 Bc3 56. g5 Be1 57. g6 Bd2 58. h4 Bc1 1/2-1/2

[Event "Warsaw YMCA Autumn-C 145th"]
[Site "Warsaw"]
[Date "2014.10.09"]
[Round "3"]
[White "Kaminski, Jan"]
[Black "Sobotka, Jan"]
[Result "1/2-1/2"]
[WhiteElo "1698"]
[BlackElo "1640"]
[PlyCount "161"]
[EventDate "2014.09.16"]
[EventType "tourn"]
[EventRounds "13"]
[EventCountry "POL"]
[SourceTitle "EXT 2019"]
[Source "ChessBase"]
[SourceDate "2018.10.10"]
[SourceVersion "1"]
[SourceVersionDate "2018.10.10"]
[SourceQuality "1"]

1. e4 c5 2. Nf3 d6 3. d4 cxd4 4. Nxd4 Nf6 5. Nc3 Nc6 6. Bg5 e6 7. Qd2 Be7 8. f3 a6 9. 0-0-0 Qc7 10. h4 b5 11. Nxc6 Qxc6 12. a3 Bb7 13. g4 Rd8 14. Be2 h6 15. Bf4 d5 16. exd5 Nxd5 17. Nxd5 Rxd5 18. Qa5 Rc5 19. Qd2 Rd5 20. Bd3 Qd7 21. Qg2 Qc8 22. g5 h5 23. g6 f6 24. Rhe1 e5 25. Bg3 Kf8 26. Qe2 b4 27. axb4 Bxb4 28. c3 Bxc3 29. bxc3 Qxc3+ 30. Qc2 Qa1+ 31. Kd2 Qd4 32. Re4 Qxd3+ 33. Qxd3 Rxd3+ 34. Kxd3 Bxe4+ 35. Kxe4 Ke7 36. Rb1 Rd8 37. Rb7+ Ke6 38. Rxg7 f5+ 39. Ke3 f4+ 40. Bxf4 exf4+ 41. Kxf4 Kf6 42. Rc7 Kxg6 43. Rc6+ Kg7 44. Rxa6 Rd4+ 45. Kg3 Rd5 46. Re6 Ra5 47. Kf4 Ra4+ 48. Re4 Ra3 49. Re5 Kg6 50. Rg5+ Kh6 51. Re5 Ra4+ 52. Re4 Ra3 53. Re6+ Kg7 54. Re3 Ra4+ 55. Kg3 Kg6 56. f4 Ra6 57. Kf3 Ra4 58. Re6+ Kf5 59. Re5+ Kg6 60. f5+ Kf6 61. Re4 Ra1 62. Rf4 Rf1+ 63. Ke4 Re1+ 64. Kd5 Rd1+ 65. Kc6 Re1 66. Kd6 Re5 67. Rf1 Rxf5 68. Rh1 Rf4 69. Kd5 Kf5 70. Rh2 Ra4 71. Rh1 Kg4 72. Ke5 Ra3 73. Kf6 Rh3 74. Rg1+ Kxh4 75. Kf5 Rf3+ 76. Ke4 Rg3 77. Rh1+ Kg4 78. Rf1 h4 79. Rf8 Kh3 80. Rh8 Ra3 81. Kf4 1/2-1/2

[Event "Warsaw YMCA Autumn-C 145th"]
[Site "Warsaw"]
[Date "2014.09.17"]
[Round "1"]
[White "Wrabel, Antoni"]
[Black "Sobotka, Jan"]
[Result "1/2-1/2"]
[WhiteElo "1683"]
[BlackElo "1640"]
[PlyCount "93"]
[EventDate "2014.09.16"]
[EventType "tourn"]
[EventRounds "13"]
[EventCountry "POL"]
[SourceTitle "EXT 2019"]
[Source "ChessBase"]
[SourceDate "2018.10.10"]
[SourceVersion "1"]
[SourceVersionDate "2018.10.10"]
[SourceQuality "1"]

1. e4 c5 2. Nf3 d6 3. d4 cxd4 4. Nxd4 Nf6 5. Nc3 Nc6 6. Be2 a6 7. 0-0 e6 8. Be3 Be7 9. Qd2 0-0 10. f4 Qc7 11. Bf3 Bd7 12. Qf2 Nxd4 13. Bxd4 Bc6 14. Rad1 b5 15. e5 Nd7 16. exd6 Bxd6 17. Bxg7 Kxg7 18. Qd4+ Kg8 19. Qxd6 Qxd6 20. Rxd6 Bxf3 21. Rxd7 Bh5 22. Ne4 Bg6 23. Re1 Rfd8 24. Rxd8+ Rxd8 25. Kf2 Kf8 26. g4 Ke7 27. f5 exf5 28. Ng3+ Kf6 29. gxf5 Bxf5 30. Nxf5 Kxf5 31. Re2 h5 32. c3 h4 33. Kg2 Rd3 34. Rf2+ Kg6 35. Kf1 f5 36. Ke2 Rd6 37. Ke3 Kf6 38. b3 Ke5 39. Rc2 f4+ 40. Kf2 h3 41. c4 Rc6 42. Re2+ Kf5 43. cxb5 axb5 44. a4 bxa4 45. bxa4 Ra6 46. Ra2 Ra5 47. Kf3 1/2-1/2

[Event "Warsaw YMCA Spring-D 141st"]
[Site "Warsaw"]
[Date "2014.06.13"]
[Round "11"]
[White "Sobotka, Jan"]
[Black "Jarmolowski, Tadeusz"]
[Result "0-1"]
[WhiteElo "1600"]
[BlackElo "1670"]
[PlyCount "50"]
[EventDate "2014.04.08"]
[EventType "tourn"]
[EventRounds "11"]
[EventCountry "POL"]
[SourceTitle "EXT 2015"]
[Source "ChessBase"]
[SourceDate "2014.11.20"]
[SourceVersion "1"]
[SourceVersionDate "2014.11.20"]
[SourceQuality "1"]

1. d4 Nf6 2. c4 e5 3. dxe5 Ng4 4. Bf4 g5 5. Bg3 Bg7 6. Nf3 Nc6 7. Nc3 0-0 8. h4 Ngxe5 9. Nxe5 Nxe5 10. hxg5 Qxg5 11. e3 d6 12. Nd5 Bg4 13. Be2 Bxe2 14. Qxe2 c6 15. Qc2 Ng6 16. Nf4 Qa5+ 17. Kf1 Qb4 18. Nd3 Qa5 19. Bxd6 Rfe8 20. Ba3 Rad8 21. Rd1 Qf5 22. f3 Rxe3 23. Nb4 Rxf3+ 24. gxf3 Qxf3+ 25. Kg1 Rxd1+ 0-1

[Event "Warsaw YMCA Spring-D 141st"]
[Site "Warsaw"]
[Date "2014.05.27"]
[Round "8"]
[White "Budrewicz, Henryk"]
[Black "Sobotka, Jan"]
[Result "0-1"]
[WhiteElo "1499"]
[BlackElo "1600"]
[PlyCount "136"]
[EventDate "2014.04.08"]
[EventType "tourn"]
[EventRounds "11"]
[EventCountry "POL"]
[SourceTitle "EXT 2015"]
[Source "ChessBase"]
[SourceDate "2014.11.20"]
[SourceVersion "1"]
[SourceVersionDate "2014.11.20"]
[SourceQuality "1"]

1. d4 Nf6 2. Nf3 e6 3. Bf4 d5 4. h3 c5 5. e3 Bd6 6. Ne5 a6 7. c3 0-0 8. Bd3 Nc6 9. Nd2 Qc7 10. Ndf3 Nd7 11. Bxh7+ Kxh7 12. Ng5+ Kg8 13. Nxd7 Bxf4 14. exf4 Qxf4 15. Qh5 Qf5 16. Nxf8 Kxf8 17. Qh8+ Ke7 18. Qxg7 cxd4 19. cxd4 Nxd4 20. 0-0 Ne2+ 21. Kh1 Bd7 22. a4 d4 23. Nf3 d3 24. Qg5+ Qxg5 25. Nxg5 Bc6 26. Rfd1 Rg8 27. Nf3 Nf4 28. Ne1 Nxg2 29. Nxg2 Rxg2 30. Rxd3 Rxf2+ 31. Kg1 Rxb2 32. a5 Rg2+ 33. Kf1 Rh2 34. Rg3 Rh1+ 35. Rg1 Rxh3 36. Kf2 e5 37. Rac1 Ke6 38. Rc5 Kd6 39. Rgc1 f5 40. R5c3 Rh2+ 41. Kg3 Rg2+ 42. Kh3 Ra2 43. Rd1+ Ke6 44. Rc5 f4 45. Re1 e4 46. Kg4 Rf2 47. Rxc6+ bxc6 48. Rxe4+ Kd5 49. Rb4 Ra2 50. Rxf4 Kc5 51. Rf5+ Kb4 52. Kf3 Rxa5 53. Rf4+ Kc3 54. Ke3 Re5+ 55. Kf2 a5 56. Ra4 Kb3 57. Ra1 a4 58. Rb1+ Kc2 59. Ra1 Ra5 60. Ke1 a3 61. Ra2+ Kb3 62. Rd2 Re5+ 63. Kd1 a2 64. Rd3+ Kb2 65. Rd2+ Kb3 66. Rd3+ Kb4 67. Rd4+ Kb5 68. Rd3 a1Q+ 0-1

[Event "Warsaw YMCA Spring-D 141st"]
[Site "Warsaw"]
[Date "2014.05.20"]
[Round "7"]
[White "Markiewicz, Janusz"]
[Black "Sobotka, Jan"]
[Result "1/2-1/2"]
[WhiteElo "1401"]
[BlackElo "1600"]
[PlyCount "121"]
[EventDate "2014.04.08"]
[EventType "tourn"]
[EventRounds "11"]
[EventCountry "POL"]
[SourceTitle "EXT 2015"]
[Source "ChessBase"]
[SourceDate "2014.11.20"]
[SourceVersion "1"]
[SourceVersionDate "2014.11.20"]
[SourceQuality "1"]

1. e4 c5 2. b4 cxb4 3. a3 d5 4. axb4 dxe4 5. Qe2 Nf6 6. Nc3 Bf5 7. Qb5+ Qd7 8. Qe5 Nc6 9. Qf4 e5 10. Qg3 Qe6 11. Bb5 Bg6 12. Bxc6+ bxc6 13. b5 Bc5 14. Nh3 Nh5 15. Ng5 Nxg3 16. Nxe6 Nxh1 17. Nxc5 cxb5 18. Nxb5 0-0 19. Ba3 Rfd8 20. Bb4 f5 21. Ke2 Nxf2 22. Kxf2 a5 23. Bc3 f4 24. Ne6 Rd7 25. Rxa5 Rc8 26. Bxe5 Rxd2+ 27. Ke1 Rdxc2 28. Bxf4 Rxg2 29. Nbc7 Bf7 30. Ng5 Bg6 31. Rc5 Rb8 32. Rb5 Rxb5 33. Nxb5 h6 34. Nh3 Bf5 35. Nf2 g5 36. Bg3 e3 37. Kf1 exf2 38. Kxg2 Bd3 39. Kxf2 Bxb5 40. Ke3 Kf7 41. h4 g4 42. Kf4 Bd7 43. Ke5 Kg6 44. Kf4 h5 45. Ke5 Bc6 46. Kf4 Kf6 47. Bh2 Ke6 48. Bg3 Be8 49. Bh2 Kd5 50. Ke3 Kc4 51. Bg3 Kc3 52. Be1+ Kc2 53. Bg3 Kd1 54. Bf2 Kc2 55. Bg3 Kc3 56. Be1+ Kc4 57. Bg3 Kd5 58. Bf4 Ke6 59. Bh2 Kf5 60. Bg3 Bc6 61. Bh2 1/2-1/2

[Event "Warsaw YMCA Spring-D 141st"]
[Site "Warsaw"]
[Date "2014.04.22"]
[Round "3"]
[White "Duda, Ryszard"]
[Black "Sobotka, Jan"]
[Result "1-0"]
[WhiteElo "1620"]
[BlackElo "1600"]
[PlyCount "69"]
[EventDate "2014.04.08"]
[EventType "tourn"]
[EventRounds "11"]
[EventCountry "POL"]
[SourceTitle "EXT 2015"]
[Source "ChessBase"]
[SourceDate "2014.11.20"]
[SourceVersion "1"]
[SourceVersionDate "2014.11.20"]
[SourceQuality "1"]

1. e4 c5 2. Nf3 d6 3. Nc3 Nc6 4. Bb5 Bd7 5. d4 cxd4 6. Nxd4 Nf6 7. Be3 a6 8. Bxc6 bxc6 9. 0-0 c5 10. Nf5 Nxe4 11. Nxg7+ Bxg7 12. Nxe4 Bxb2 13. Rb1 Bg7 14. Qf3 Qc8 15. Ng5 Bf6 16. Ne4 Be5 17. Ng5 Bf5 18. Qd5 e6 19. Qd2 d5 20. f4 Bf6 21. Nf3 Rg8 22. Kh1 Be4 23. Qf2 d4 24. Bc1 d3 25. Re1 dxc2 26. Rb3 Bd4 27. Be3 Bd5 28. Ra3 Bb2 29. Ra5 c4 30. Qxc2 Bf6 31. Rxd5 exd5 32. Bc5+ Kd7 33. Qf5+ Kc6 34. Qxf6+ Kxc5 35. Qe7+ 1-0

[Event "Warsaw YMCA Spring-D 141st"]
[Site "Warsaw"]
[Date "2014.04.15"]
[Round "2"]
[White "Sobotka, Jan"]
[Black "Wilczynski, Adam"]
[Result "1-0"]
[WhiteElo "1600"]
[BlackElo "1630"]
[PlyCount "129"]
[EventDate "2014.04.08"]
[EventType "tourn"]
[EventRounds "11"]
[EventCountry "POL"]
[SourceTitle "EXT 2015"]
[Source "ChessBase"]
[SourceDate "2014.11.20"]
[SourceVersion "1"]
[SourceVersionDate "2014.11.20"]
[SourceQuality "1"]

1. d4 Nf6 2. c4 e6 3. Nf3 b6 4. g3 Bb7 5. Bg2 Be7 6. Nc3 Ne4 7. Nxe4 Bxe4 8. 0-0 0-0 9. b3 d5 10. Ne1 Bxg2 11. Nxg2 c5 12. dxc5 Bf6 13. Rb1 bxc5 14. Qc2 Na6 15. a3 d4 16. b4 Qe7 17. b5 Nc7 18. a4 Rab8 19. a5 Rfc8 20. Ba3 g6 21. b6 Na8 22. bxa7 Qxa7 23. Qa4 Nb6 24. Qb5 Nd7 25. Qa4 Bd8 26. Rb5 Rxb5 27. Qxb5 Bxa5 28. Nf4 Bd8 29. Ra1 Qc7 30. Nd3 Bf6 31. Bc1 Rb8 32. Qa6 Bg7 33. Qa7 Qxa7 34. Rxa7 Ne5 35. Bf4 f6 36. Nxc5 Re8 37. Bxe5 fxe5 38. Kg2 Bf8 39. Nd7 Bg7 40. c5 e4 41. c6 Rc8 42. c7 d3 43. exd3 exd3 44. Kf1 Bd4 45. Rb7 Kg7 46. Ke1 Bc3+ 47. Kd1 Ba5 48. Nb6 Bxb6 49. Rxb6 Kf7 50. Rb7 Ke7 51. Kd2 Kd7 52. Kxd3 Kc6 53. Rb1 Kd5 54. Rc1 Kd6 55. Ke4 e5 56. h4 h6 57. g4 Ke6 58. Rc6+ Kf7 59. Kxe5 Re8+ 60. Kd5 Rc8 61. Kd6 h5 62. gxh5 gxh5 63. Kd7 Re8 64. c8Q Rh8 65. Rf6+ 1-0

[Event "Warsaw YMCA Spring-D 141st"]
[Site "Warsaw"]
[Date "2014.04.08"]
[Round "1"]
[White "Prus, Marek"]
[Black "Sobotka, Jan"]
[Result "1-0"]
[WhiteElo "1648"]
[BlackElo "1600"]
[PlyCount "81"]
[EventDate "2014.04.08"]
[EventType "tourn"]
[EventRounds "11"]
[EventCountry "POL"]
[SourceTitle "EXT 2015"]
[Source "ChessBase"]
[SourceDate "2014.11.20"]
[SourceVersion "1"]
[SourceVersionDate "2014.11.20"]
[SourceQuality "1"]

1. e4 c5 2. Nf3 d6 3. d4 cxd4 4. Qxd4 Nc6 5. Bb5 Bd7 6. Bxc6 Bxc6 7. Nc3 Nf6 8. Bg5 e6 9. 0-0-0 Be7 10. Rhe1 Qc7 11. Qd2 Rd8 12. Nd4 0-0 13. f4 a6 14. g4 b5 15. Bxf6 Bxf6 16. g5 Be7 17. Qg2 b4 18. Nce2 Ba8 19. h4 Rc8 20. Ng3 Qc4 21. Kb1 a5 22. h5 f5 23. b3 Qa6 24. Nxe6 Rf7 25. Qe2 Qxe2 26. Rxe2 fxe4 27. Nxe4 d5 28. g6 Rf5 29. Ng3 Rf6 30. Nxg7 Bd6 31. Re8+ Rxe8 32. Nxe8 Re6 33. Nxd6 Rxd6 34. Re1 Bc6 35. Nf5 Rf6 36. Nh6+ Kg7 37. Re7+ Kf8 38. g7+ Kxe7 39. g8Q d4 40. f5 Rf8 41. Qe6+ 1-0

[Event "Warsaw YMCA Winter-D 137th"]
[Site "Warsaw"]
[Date "2014.02.24"]
[Round "8"]
[White "Bartczak, Hanna"]
[Black "Sobotka, Jan"]
[Result "0-1"]
[WhiteElo "1592"]
[BlackElo "1573"]
[PlyCount "54"]
[EventDate "2014.01.06"]
[EventType "tourn"]
[EventRounds "13"]
[EventCountry "POL"]
[SourceTitle "EXT 2015"]
[Source "ChessBase"]
[SourceDate "2014.11.20"]
[SourceVersion "1"]
[SourceVersionDate "2014.11.20"]
[SourceQuality "1"]

1. d4 Nf6 2. c4 e6 3. Nf3 Bb4+ 4. Bd2 Qe7 5. e3 Ne4 6. a3 Nxd2 7. Nbxd2 Bxd2+ 8. Qxd2 a5 9. Be2 0-0 10. 0-0 b6 11. e4 Bb7 12. Qf4 d6 13. Rfe1 Nd7 14. Bd3 e5 15. Qg3 exd4 16. Nxd4 Qf6 17. Nf5 g6 18. b3 Kh8 19. Ne3 Nc5 20. Nd5 Bxd5 21. exd5 Nxb3 22. Ra2 Rfe8 23. Rxe8+ Rxe8 24. Kf1 Qc3 25. f4 Nc1 26. Be2 Qxg3 27. hxg3 Nxa2 0-1

[Event "Warsaw YMCA Winter-D 137th"]
[Site "Warsaw"]
[Date "2014.02.18"]
[Round "12"]
[White "Wrabel, Antoni"]
[Black "Sobotka, Jan"]
[Result "0-1"]
[WhiteElo "1712"]
[BlackElo "1573"]
[PlyCount "144"]
[EventDate "2014.01.06"]
[EventType "tourn"]
[EventRounds "13"]
[EventCountry "POL"]
[SourceTitle "EXT 2015"]
[Source "ChessBase"]
[SourceDate "2014.11.20"]
[SourceVersion "1"]
[SourceVersionDate "2014.11.20"]
[SourceQuality "1"]

1. e4 e6 2. d4 d5 3. Nd2 c5 4. exd5 Qxd5 5. Ngf3 cxd4 6. Bc4 Qd8 7. 0-0 Nf6 8. Nb3 Be7 9. Nbxd4 0-0 10. Bf4 Qb6 11. Qc1 Nc6 12. Be3 Nxd4 13. Bxd4 Qc7 14. Bd3 b6 15. c3 Bb7 16. Ne5 Bc5 17. Qf4 Bd6 18. Rfe1 h6 19. Qh4 Nd7 20. Nxd7 Qxd7 21. Rad1 Qe7 22. Qh3 Rad8 23. b3 Rfe8 24. Bb5 Rf8 25. f4 Bc5 26. Qe3 Bxd4 27. cxd4 Qf6 28. Qe5 Qg6 29. Qe2 Rd6 30. Rd2 Rfd8 31. Red1 Qf6 32. Qe3 Qg6 33. g3 Qf6 34. Bd3 Kh8 35. Bb1 Bd5 36. Qe5 Qxe5 37. dxe5 R6d7 38. Be4 Kg8 39. Kf2 Kf8 40. Bxd5 exd5 41. Ke3 Ke7 42. f5 g6 43. g4 h5 44. gxh5 gxf5 45. Rg1 Rh8 46. Rg5 Ke6 47. Kf4 d4 48. Rxf5 d3 49. Rf6+ Ke7 50. Rd6 Rxh5 51. Rxd7+ Kxd7 52. Rxd3+ Ke6 53. h3 Rf5+ 54. Kg4 Rxe5 55. Rf3 Re2 56. a4 Rg2+ 57. Kh5 f5 58. h4 Rg8 59. Rc3 f4 60. Kh6 Ke5 61. h5 Rg3 62. Rc7 f3 63. Kh7 f2 64. Rf7 Rg2 65. h6 Kd4 66. Kh8 Ke3 67. h7 Rg4 68. Rg7 Rxg7 69. Kxg7 f1Q 70. h8Q Qa1+ 71. Kg8 Qxh8+ 72. Kxh8 a5 0-1

[Event "Warsaw YMCA Winter-D 137th"]
[Site "Warsaw"]
[Date "2014.02.03"]
[Round "5"]
[White "Kwiek, Janusz"]
[Black "Sobotka, Jan"]
[Result "1/2-1/2"]
[WhiteElo "1597"]
[BlackElo "1573"]
[PlyCount "107"]
[EventDate "2014.01.06"]
[EventType "tourn"]
[EventRounds "13"]
[EventCountry "POL"]
[SourceTitle "EXT 2015"]
[Source "ChessBase"]
[SourceDate "2014.11.20"]
[SourceVersion "1"]
[SourceVersionDate "2014.11.20"]
[SourceQuality "1"]

1. Nf3 d5 2. d4 c6 3. Bf4 Nf6 4. e3 Bg4 5. h3 Bh5 6. Be2 e6 7. 0-0 Bd6 8. Bxd6 Qxd6 9. Nbd2 0-0 10. c4 dxc4 11. Nxc4 Qe7 12. Nfe5 Bxe2 13. Qxe2 Nbd7 14. Rfc1 Nxe5 15. Nxe5 Nd7 16. Nxd7 Qxd7 17. Rc5 Rfe8 18. Rac1 Qd6 19. f4 Kh8 20. Qc2 f6 21. Qc3 Re7 22. b4 a6 23. a4 Qd7 24. b5 axb5 25. axb5 cxb5 26. Qb4 e5 27. fxe5 fxe5 28. dxe5 Rae8 29. Qd4 h6 30. Rd5 Qf5 31. Rf1 Qg5 32. Rxb5 Rxe5 33. Rxe5 Qxe5 34. Rf8+ Kh7 35. Rxe8 Qxe8 36. e4 Qe6 37. e5 b6 38. Qd6 Qc8 39. e6 Kg8 40. Qxb6 Kf8 41. Qd6+ Ke8 42. Kh2 Qd8 43. Qf4 Qf6 44. Qd6 Qd8 45. Qf4 Qf6 46. Qxf6 gxf6 47. Kg3 Ke7 48. Kg4 Kxe6 49. Kh5 f5 50. g3 f4 51. gxf4 Kf5 52. h4 Kxf4 53. Kg6 h5 54. Kxh5 1/2-1/2

[Event "Warsaw YMCA Autumn-D 128th"]
[Site "Warsaw"]
[Date "2013.10.15"]
[Round "5"]
[White "Kwiek, Janusz"]
[Black "Sobotka, Jan"]
[Result "0-1"]
[WhiteElo "1632"]
[BlackElo "1583"]
[PlyCount "128"]
[EventDate "2013.09.17"]
[EventType "tourn"]
[EventRounds "11"]
[EventCountry "POL"]
[SourceTitle "EXT 2015"]
[Source "ChessBase"]
[SourceDate "2014.11.20"]
[SourceVersion "1"]
[SourceVersionDate "2014.11.20"]
[SourceQuality "1"]

1. Nf3 d5 2. d4 Nf6 3. c4 c6 4. e3 e6 5. Nc3 Nbd7 6. Bd3 dxc4 7. Bxc4 b5 8. Bd3 Be7 9. 0-0 0-0 10. Re1 Bb7 11. Bd2 Rc8 12. Rc1 a6 13. a3 c5 14. dxc5 Nxc5 15. Bb1 Bxf3 16. gxf3 Nd3 17. Bxd3 Qxd3 18. Qe2 Qg6+ 19. Kh1 Rfd8 20. e4 Qh5 21. Rcd1 Rc7 22. Bf4 Rcd7 23. Rxd7 Rxd7 24. Rd1 Rxd1+ 25. Qxd1 Qc5 26. Kg2 h6 27. Ne2 b4 28. axb4 Qxb4 29. b3 Qc5 30. Qd3 e5 31. Be3 Qc6 32. Ng3 Nd7 33. Nf5 Bf8 34. Qd2 Qe6 35. Qc3 Kh7 36. Qc8 g6 37. Ng3 Bb4 38. Ne2 Nc5 39. Qxe6 Nxe6 40. Nc1 Nc5 41. Bxc5 Bxc5 42. Kf1 Kg7 43. Ke2 f5 44. Nd3 Bd4 45. Nb4 a5 46. Nc6 Bc3 47. Kd3 Be1 48. Nxe5 Bxf2 49. exf5 gxf5 50. Nc6 Be1 51. Kc4 Kf6 52. Kb5 Kg5 53. Nxa5 Kf4 54. b4 Kxf3 55. Kc4 Kg2 56. Nc6 f4 57. Nd4 f3 58. Nxf3 Kxf3 59. b5 Kg2 60. Kd4 Kxh2 61. Ke3 Kg2 62. Kf4 h5 63. b6 h4 64. b7 h3 0-1

[Event "Warsaw YMCA Autumn-D 128th"]
[Site "Warsaw"]
[Date "2013.10.01"]
[Round "3"]
[White "Sobotka, Jan"]
[Black "Bartczak, Hanna"]
[Result "0-1"]
[WhiteElo "1583"]
[BlackElo "1576"]
[PlyCount "124"]
[EventDate "2013.09.17"]
[EventType "tourn"]
[EventRounds "11"]
[EventCountry "POL"]
[SourceTitle "EXT 2015"]
[Source "ChessBase"]
[SourceDate "2014.11.20"]
[SourceVersion "1"]
[SourceVersionDate "2014.11.20"]
[SourceQuality "1"]

1. e4 d6 2. d4 Nf6 3. Nc3 c6 4. f4 g6 5. Nf3 Bg7 6. Bd3 0-0 7. 0-0 b5 8. a3 Qb6 9. h3 Nbd7 10. Kh1 Nh5 11. Qe1 Bxd4 12. Nxd4 Qxd4 13. e5 dxe5 14. Be3 Qd6 15. f5 Ndf6 16. Rd1 Qc7 17. fxg6 hxg6 18. Rf3 Be6 19. Bh6 Rfd8 20. Re3 e4 21. Be2 Rxd1 22. Bxd1 Ng7 23. Bxg7 Kxg7 24. Nxe4 Nxe4 25. Rxe4 Re8 26. Bf3 Qd6 27. Qc3+ f6 28. Re1 Bd5 29. Rf1 Qg3 30. Qe1 Qxe1 31. Rxe1 Kf7 32. Be2 e5 33. Rd1 Ke7 34. Kg1 Rh8 35. Kf2 Ke6 36. b3 Rh4 37. Bd3 f5 38. Be2 Rd4 39. Rc1 Rf4+ 40. Kg1 Rh4 41. Kf2 g5 42. c4 bxc4 43. bxc4 Be4 44. Rd1 Rh7 45. Rd8 Rg7 46. Re8+ Kd6 47. c5+ Kxc5 48. Rxe5+ Kd4 49. Re8 Kc3 50. Bf3 Bxf3 51. Kxf3 Kd4 52. Rf8 f4 53. h4 gxh4 54. Rxf4+ Kd3 55. Rxh4 c5 56. g4 c4 57. Rh8 c3 58. Rd8+ Kc2 59. Kf4 Rb7 60. g5 Kb2 61. g6 c2 62. Kf5 c1Q 0-1

[Event "Warsaw YMCA Autumn-D 128th"]
[Site "Warsaw"]
[Date "2013.09.24"]
[Round "2"]
[White "Wrabel, Antoni"]
[Black "Sobotka, Jan"]
[Result "1-0"]
[WhiteElo "1676"]
[BlackElo "1583"]
[PlyCount "167"]
[EventDate "2013.09.17"]
[EventType "tourn"]
[EventRounds "11"]
[EventCountry "POL"]
[SourceTitle "EXT 2015"]
[Source "ChessBase"]
[SourceDate "2014.11.20"]
[SourceVersion "1"]
[SourceVersionDate "2014.11.20"]
[SourceQuality "1"]

1. e4 c6 2. d4 d5 3. exd5 cxd5 4. Bd3 Nc6 5. c3 Nf6 6. Bf4 Bg4 7. Qb3 Qc8 8. h3 Bh5 9. Nd2 e6 10. Ngf3 Be7 11. 0-0 Bg6 12. Bxg6 hxg6 13. c4 Kf8 14. Bh2 Na5 15. Qa4 Nc6 16. cxd5 Nxd5 17. Rac1 Qd7 18. Nc4 a6 19. Qb3 f6 20. Nb6 Nxb6 21. Qxb6 Kf7 22. Rfe1 Rac8 23. Rcd1 Bd8 24. Qb3 Ne7 25. Re2 Nd5 26. Rde1 Re8 27. a3 Ba5 28. Rd1 Bc7 29. Bxc7 Qxc7 30. Rde1 g5 31. Nd2 Re7 32. Ne4 b6 33. Qf3 Qf4 34. Qh5+ Kg8 35. g3 Qc7 36. Nd2 Qc6 37. h4 gxh4 38. Qxh4 Qe8 39. Qg4 Rc6 40. Kg2 f5 41. Qg5 Qf7 42. Nf3 Qf6 43. Qd2 f4 44. Ne5 Rd6 45. Rh1 g5 46. Qd3 Rg7 47. Rc2 Rd8 48. Ng4 Qg6 49. Qxg6 Rxg6 50. Rc6 Kg7 51. Ne5 Rf6 52. Rh5 fxg3 53. Kxg3 Rf5 54. Rxe6 Nf6 55. Re7+ Kg8 56. Rh6 Ne4+ 57. Kg2 Rxf2+ 58. Kg1 Rdf8 59. Ng4 R8f7 60. Rxe4 Rxb2 61. Rg6+ Kh8 62. Nf6 Rb1+ 63. Kg2 Rf8 64. Re7 Rb2+ 65. Kg3 Rb3+ 66. Kg4 Rxf6 67. Rxf6 Kg8 68. Ree6 Rxa3 69. Rxb6 Ra4 70. Rfd6 Ra1 71. Rb7 Rg1+ 72. Kf5 Rf1+ 73. Kg6 Rf8 74. Rxa6 g4 75. Ra3 Kh8 76. Rg3 Rg8+ 77. Kh5 Rd8 78. Rxg4 Rd5+ 79. Rg5 Rxd4 80. Rc5 Rd8 81. Rbc7 Rd6 82. Rc8+ Kg7 83. R5c7+ Kf6 84. Rc6 1-0